Open Data Biblioteca Nacional de Portugal


República Portuguesa: Ministério da Cultura
Biblioteca Nacional de Portugal

Catálogo da BNP: acesso por Identificadores Unívocos
Registos Bibliográficos associados ao registo de autoridade

Etiqueta de registo: 00254nam 2200025 450
001 2287830
003 http://id.bnportugal.gov.pt/bib/catbnp/2287830
100 ## $a20260615d2025 k y0pory01030103ba
101 0# $apor$deng
102 ## $aPT
105 ## $aa m 001yy
106 ## $ar
200 1# $aAspectos metodológicos, éticos e narrativos do uso de recursos da etnografia por jornalistas$e uma comparação entre Estados Unidos, Brasil e Portugal$fJoão Noé Alves de Carvalho,$gorient. José Carlos Costa dos Santos Camponez
210 #9 $aCoimbra$c[s.n.],$d2025
215 ## $a1161 p.$cil.$d30 cm
328 #1 $aTese dout. Ciências da Comunicação, Faculdade dre Letras da Universidade de Coimbra, 2025
700 #1 $aCarvalho,$bJoão Noé Alves de$32000544
702 #1 $aCamponez,$bCarlos,$f1964-$4727$31052630
801 #0 $aPT$bBN$gRPC
966 ## $lBN$mFGMON$x1
971 ## $cisantos$d20260615

OpendataBNP@bnportugal.pt | Mais informação sobre acesso aos dados BNP